000 00436nam a22001697a 4500
003 NUST - PNEC
005 20170116181133.0
008 151006b xxu||||| |||| 00| 0 eng d
020 _a1887354050
040 _cLIBRARY
082 _a925 GLE
100 _914125
_a Glenn, Jim,
245 _aScientific genius :
_b the twenty greatest minds
_cJim Glenn
260 _cc1996
650 _914126
_aScientists
_xGeneral
942 _2ddc
_cBK
999 _c70103
_d70103